| 000 | 01255cam a22003135a 4500 | ||
|---|---|---|---|
| 001 | 17583082 | ||
| 005 | 20160217111000.0 | ||
| 008 | 130108t2013 flua frbf 001 0 eng d | ||
| 020 | _a9781439839621 (volume 1 : hardback : acidfree paper) | ||
| 020 | _a9781439839645 (volume 2 : hardback : acidfree paper) | ||
| 020 | _a9781439839669 (volume 3 : hardback : acidfree paper) | ||
| 020 | _a9781439839614 (set) | ||
| 040 |
_aIXA _beng _cIXA _dIXA _dCSL _dDLC _dEG-ScBUE _dEG-ScBUE |
||
| 082 | 0 | 4 |
_a621.4023 _bJOH _222 |
| 245 | 0 | 4 |
_aThe John Zink Hamworthy combustion handbook / _cedited by Charles E. Baukal. |
| 246 | 3 | 0 | _aCombustion handbook |
| 250 | _a2nd ed. | ||
| 260 |
_aBoca raton : _bCRC press / Tayler & Francis Group, _cc.2013. |
||
| 300 |
_a3 v. : _bill. ; _c29 cm. |
||
| 490 | 0 | _aIndustrial combustion series | |
| 500 | _aRevised edition of : The John Zink combustion handbook. | ||
| 504 | _aIncludes bibliographic references and indexes. | ||
| 505 | 0 | _av. 1. Fundamentals -- v. 2. Design and operations -- v. 3. Applications. | |
| 650 | 0 |
_aCombustion engineering _vHandbooks, manuals, etc. _2BUEsh |
|
| 651 | _2BUEsh | ||
| 653 |
_bENGGEN _cJune2015 _cFebruary2016 |
||
| 700 | 1 |
_aBaukal, Charles E., _cJr., _d1959- _eeditor. |
|
| 942 | _2ddc | ||
| 999 |
_c19615 _d19587 |
||